| 000 | 00405nam a22001697a 4500 | ||
|---|---|---|---|
| 003 | NUST - PNEC | ||
| 005 | 20170116180920.0 | ||
| 008 | 150904b xxu||||| |||| 00| 0 eng d | ||
| 020 | _a0131919415 | ||
| 040 | _cLIBRARY | ||
| 082 | _a620.3 INM | ||
| 100 |
_97443 _aInman, D. J. |
||
| 245 |
_aEngineering vibration _cD. J. Inman |
||
| 260 | _cc 1994 | ||
| 650 |
_95233 _aVibration _xME |
||
| 942 |
_2ddc _cBK |
||
| 999 |
_c65602 _d65602 |
||